We live in China
| Format: | Book |
|---|---|
| Published: |
England :
Wayland ,
1981
|
| Series: | We live in
|
| Subjects: |
MARC
| LEADER | 00000cam a2200000 7i4500 | ||
|---|---|---|---|
| 001 | 0000037329 | ||
| 005 | 20131001.0 | ||
| 008 | 131001 | ||
| 020 | |a 0853408645 | ||
| 090 | 0 | 0 | |a 951.05 |b WEL |
| 245 | 1 | 0 | |a We live in China |
| 260 | |a England : |b Wayland , |c 1981 | ||
| 440 | |a We live in | ||
| 650 | 0 | |a China |x Social conditions | |
| 999 | |a 0001243355 |b Book |c Adult Collection |e Cawangan Bandar Tenggara | ||